Complétez le duo de fiction - Statistiques

Statistiques générales
  • Ce quiz a été pris 612 fois
  • Le résultat moyen est 20 sur 50
Statistiques - réponses
... et ... % Correct
Astérix et Obélix
100%
Mario et Luigi
92%
Tic et Tac
88%
Tom-Tom et Nana
87%
Boule et Bill
85%
Laurel et Hardy
82%
Tom et Jerry
80%
Lilo et Stitch
78%
Olive et Tom
78%
Dupond et Dupont
76%
Rick et Morty
73%
Corneil et Bernie
71%
Rox et Rouky
70%
Spirou et Fantasio
69%
Titi et Grosminet
69%
Bernard et Bianca
68%
Sherlock Holmes et Watson
68%
Blake et Mortimer
58%
Belle et Sébastien
55%
Thelma et Louise
52%
Zig et Sharko
50%
Ratchet et Clank
44%
Tristan et Yseult
42%
Anna et Elsa
38%
Docteur Jekyll et Mr. Hyde
32%
Satanas et Diabolo
28%
Minus et Cortex
27%
Jessie et James
26%
Fred et George
22%
Lady et Clochard
21%
Zack et Cody
20%
Jules et Jim
20%
Ryu et Ken
19%
Merry et Pippin
17%
Dingo et Max
16%
Johan et Pirlouit
16%
Lugia et Ho-Oh
15%
Paul et Virginie
15%
Quick et Flupke
12%
Calvin et Hobbes
12%
Banjo et Kazooie
11%
Tif et Tondu
10%
Peter et Elliott
9%
Beavis et Butt-Head
6%
Crash et Eddie
4%
Flipper et Lopaka
3%
Frog et Fou Furet
2%
Cléo et Chico
1%
Zeke et Luther
1%
Billy et Mandy
1%
Aucun quiz correspondant
Distribution des résultats
% des personnes avec chaque résultat
Percentile par nombre de réponses
Votre historique - résultats
Vous n’avez pas pris ce quiz